000 00617nam a22001457a 4500
999 _c80379
_d80379
008 201130b ||||| |||| 00| 0 eng d
040 _bger
_cSTAFF
_erda
_aISIL EINTRAGEN
041 _ager
245 _aViadrina hilft Slubicer Covid-Kliknik:
_bUnterstützung: Die Europa-Universität zeigt sich solidarisch mit dem Krankenhaus in der Nachbarstadt und spendet 2200 Masken.
773 _dFrankfurt (Oder): Märkisches Verlags- und Druckhaus GmbH & Co KG
_g31. Jahrgang (2020) Nr. 288 vom 10.12.2020, Seite 15
_tMärkische Oderzeitung
942 _cA